La monnaie histoire de l'or, de l'argent et du papier

Enregistré dans:
Détails bibliographiques
Format: Livre
Langue:français
Publié: Paris Léopold Cerf 1882
Tags: Ajouter un tag
Pas de tags, Soyez le premier à ajouter un tag!

MARC

LEADER 00000nam a2200000 4500
001 0306950
005 20250211114944.2
041 0 |a fre 
044 |a FR 
245 1 0 |a La monnaie  |b histoire de l'or, de l'argent et du papier  |c J. Dalséme 
264 1 |a Paris  |b Léopold Cerf  |c 1882